000 01462nam a2200397 i 4500
001 30702
003 KOSZ 005
005 20220322103003.0
008 980713s1995 pl a f |000 0 pol d
015 _aPB 1997/11479
040 _aWA N
_cWA N
_dKOSZ 005/HR
041 0 _apol
_beng
_bger
046 _k1995
080 _a621.22
080 _a531.3
100 1 _aDindorf, Ryszard
_d(1951- )
_eAutor
245 1 0 _aWybrane zagadnienia modelowania dynamiki układów hydraulicznych /
_cRyszard Dindorf.
260 _aKraków :
_bPK,
_c1995.
300 _a157 s. :
_brys., wykr. ;
_c24 cm.
380 _aKsiążki
388 _a1901-2000
388 _a1989-2000
490 1 _aMonografia / Politechnika Krakowska im. Tadeusza Kościuszki. Mechanika,
_x0860-097X.
500 _aNumeracja serii gł.: 189.
504 _aBibliogr. s. 149-154.
546 _aStreszcz. ang., niem.
650 4 _aHydraulika
650 4 _aMaszyny i urządzenia hydrauliczne
650 4 _aDynamika
658 _aInżynieria i technika
710 2 _aPolitechnika Krakowska im. Tadeusza Kościuszki
_4pbl.
830 0 _aMonografia - Politechnika Krakowska im. Tadeusza Kościuszki
_v189
830 0 _aMonografia - Politechnika Krakowska im. Tadeusza Kościuszki.
_pMechanika
856 _uhttp://koha.tu.koszalin.pl/cgi-bin/koha/opac-detail.pl?biblionumber=30702
_yKatalog online BPK
942 _2UKD
_cKS
999 _c30702
_d30702